000 00472nam a22001937a 4500
005 20230926105507.0
008 230913b |||||||| |||| 00| 0 eng d
020 _a9780170128650
082 _a658.802
_bREE-S
100 _aReed,Peter
245 _aStrategic Marketing Planning
250 _a2nd.ed
260 _aIndia
_bCengage Learning
_c2007
300 _a316
500 _aInclude Index
650 I _aManagement/Marketing
700 _aPeter Reed
999 _c33537
_d33537